| 000 -CABECERA |
| campo de control de longitud fija |
01124nam a2200217 4500 |
| 005 - FECHA Y HORA DE LA ÚLTIMA TRANSACCIÓN |
| campo de control |
20210818183055.0 |
| 008 - DATOS DE LONGITUD FIJA--INFORMACIÓN GENERAL |
| campo de control de longitud fija |
210818s1995 pe |||fr|||| 001 0 spa d |
| 040 ## - FUENTE DE LA CATALOGACIÓN |
| Centro catalogador/agencia de origen |
CENDOC CAAAP |
| Lengua de catalogación |
spa |
| Centro/agencia transcriptor |
CAAAP |
| 041 ## - CÓDIGO DE LENGUA |
| Código de lengua del texto/banda sonora o título independiente |
spa |
| 050 ## - SIGNATURA TOPOGRÁFICA DE LA BIBLIOTECA DEL CONGRESO |
| Número de clasificación |
HA 1068.A5C |
| Número de documento/Ítem |
P45r 1993 |
| 500 ## - NOTA GENERAL |
| Nota general |
Censos Nacionales 1993. Resumen ejecutivo. |
| 245 ## - MENCIÓN DE TÍTULO |
| Título |
Perú : |
| Subtitulo |
resultados definitivos de las comunidades indígenas |
| 250 ## - MENCIÓN DE EDICIÓN |
| Mención de edición |
1ra ed. |
| 260 ## - PUBLICACIÓN, DISTRIBUCIÓN, ETC. |
| Lugar de publicación, distribución, etc. |
Lima: |
| Nombre del editor, distribuidor, etc. |
INEI, |
| Fecha de publicación, distribución, etc. |
1995 |
| 300 ## - DESCRIPCIÓN FÍSICA |
| Extensión |
131 p. |
| 505 ## - NOTA DE CONTENIDO CON FORMATO |
| Nota de contenido con formato |
Contiene : : Aspectos generales -- Análisis de los principales resultados censales de las comunidades indígenas --Tabulados de población de las comunidades indígenas -- Características culturales y educativas -- Características de estado civil y religión -- Características de fecundidad y mortalidad --Características económicas --Tomo 3 : Tabulación de vivienda d elas comunidades indígenas --Características de la vivienda -- Características del Hogar --Anexos.<br/> |
| 650 10 - PUNTO DE ACCESO ADICIONAL DE MATERIA--TÉRMINO DE MATERIA |
| 9 (RLIN) |
2329 |
| Término de materia o nombre geográfico como elemento de entrada |
Comunidades indígenas |
| Subdivisión geográfica |
Perú |
| -- |
Amazonía. |
| 650 20 - PUNTO DE ACCESO ADICIONAL DE MATERIA--TÉRMINO DE MATERIA |
| 9 (RLIN) |
1407 |
| Término de materia o nombre geográfico como elemento de entrada |
Censos |
| 650 20 - PUNTO DE ACCESO ADICIONAL DE MATERIA--TÉRMINO DE MATERIA |
| 9 (RLIN) |
252 |
| Término de materia o nombre geográfico como elemento de entrada |
Condiciones Sociales |
| 942 ## - ELEMENTOS PERSONALIZADOS KOHA |
| Fuente del sistema de clasificación o colocación |
|
| Fecha de catalogación |
18 - 08 - 21 |
| Tipo de ítem Koha |
Libros |